UBT Library

Looking out/looking in / (Record no. 43869)

000 -LEADER
fixed length control field 00807cam a2200289 a 4500
001 - CONTROL NUMBER
control field 15901645
005 - DATE AND TIME OF LATEST TRANSACTION
control field 20180301083753.0
008 - FIXED-LENGTH DATA ELEMENTS--GENERAL INFORMATION
fixed length control field 090910s2011 at a b 001 0 eng d
010 ## - LIBRARY OF CONGRESS CONTROL NUMBER
LC control number 2009936691
020 ## - INTERNATIONAL STANDARD BOOK NUMBER
International Standard Book Number 9780495796213
020 ## - INTERNATIONAL STANDARD BOOK NUMBER
International Standard Book Number 0495796212
035 ## - SYSTEM CONTROL NUMBER
System control number (OCoLC)ocn555628499
040 ## - CATALOGING SOURCE
Original cataloging agency CPV
Transcribing agency CPV
Modifying agency DLC
041 ## - LANGUAGE CODE
Language code of text/sound track or separate title eng
042 ## - AUTHENTICATION CODE
Authentication code lccopycat
080 ## - UNIVERSAL DECIMAL CLASSIFICATION NUMBER
Universal Decimal Classification number 158
082 00 - DEWEY DECIMAL CLASSIFICATION NUMBER
Classification number 158 ADL
Edition number 22
100 1# - Rafti
Rafti 49
101 ## - Shkurtesa
Shkurtesa PSI
245 10 - TITLE STATEMENT
Title Looking out/looking in /
Statement of responsibility, etc Ronald B. Adler, Russell F. Proctor II.
504 ## - BIBLIOGRAPHY, ETC. NOTE
Bibliography, etc Includes bibliographical references (p. 410-440) and index.
906 ## - LOCAL DATA ELEMENT F, LDF (RLIN)
a 7
b cbc
c copycat
d 2
e ncip
f 20
g y-gencatlg
942 ## - ADDED ENTRY ELEMENTS (KOHA)
Source of classification or shelving scheme
Item type Books
Holdings
Withdrawn status Lost status Source of classification or shelving scheme Damaged status Not for loan Collection code Permanent location Current location Shelving location Date acquired Total Checkouts Full call number Barcode Date last seen Price effective from Koha item type
          Koleksioni i përgjithshem UBT - Lipjan UBT - Lipjan Koleksioni i lëndeve mesimore 03/01/2018   158 ADL 002-3000655 03/01/2018 03/01/2018 Books
UBT Library © 2015-2024. All rights reserved University Education for Business and Technology